000 00909nam a2200265Ia 4500
003 OSt
005 20221005112339.0
006 a|||||r|||| 00| 0
007 ta
008 221004b |||||||| |||| 00| 0 pan d
020 _a978935232511 (hbk)
_cINR 295.00
024 _a38973
037 _b234, 17/03/2018, National Book Shop
_cTextual
040 _aCRL
_cCRL
_bpan
041 _2pan
_apan
082 _aO153,3x, Q8
100 _aਕੌਰ, ਅਮਨਪਾਲ, ਂਚ.
245 0 _aਮਹਨ ਰੁੱਤ
260 _aਸਮਾਣਾ
_bਸੰਗਮ ਪਬਲੀਕੇFਨਗ਼ ਜ਼ਅਦਜ਼
_c2018
300 _a207ਪ0
_ccm.
650 _a ਪੰਜਾਬੀ ਕਹਾਣੀ
650 _aਪੰਜਾਬੀ ਸਾਹਿਤ
942 _hO153,3x, Q8
_cTEXL
_2cc
999 _c1024628
_d1024628